00536nam a22001577a 450000500170000001000150001702000260003203500140005803700090007208200170008124501300009825000060022826000400023427000840027430000200035820250808114908.0 aENG-146389 c300.00a9789361632174 aEN-129921 bDBAD a363.7387421 aThe Influence of Behavioral Patterns of Achieving The Sustainable Development Goals (SDGs)/cEdited By B. Anirudhan...[et,al] a1 aMaduraibShanlax Publicationsc2025 a61, T.P.K., Main Road, Vasantha NagarbMadurai e625003mshanlax_1990@yahoo.com a165p.c25cm(pb)